| 000 | 00586nam a22001932 4500 | ||
|---|---|---|---|
| 001 | 77427 | ||
| 003 | BD-RjUL | ||
| 005 | 20211209082953.0 | ||
| 008 | 200908s1955 enka 000 0 eng d | ||
| 035 | _a(BD-RjUL)77652 | ||
| 040 |
_aAUM _cAUM _dEQO _dBD-RjUL _beng |
||
| 041 | _aeng | ||
| 082 |
_223 _a821.8 _bSTC 1955 |
||
| 100 | 1 |
_aStevenson, Robert Louis, _d1850-1894. _9241345 |
|
| 245 | 1 | 2 |
_aA child's garden of verses / _cWith an introduction by Elizabeth Goudge. Illus. by Hilda Goldwag. |
| 260 |
_aLondon : _bCollins, _c1955 |
||
| 300 |
_a192 p.: _billus.; _c19 cm. |
||
| 942 |
_2ddc _cBK |
||
| 999 |
_c77427 _d77427 |
||